MARC

LEADER 00000nam0a2200000 4500
001 158038
005 20231031154204.0
010 |a 5020300241 
020 |a RU  |b 92-1721 
035 |a (RuTPU)RU\TPU\book\171417 
090 |a 158038 
100 |a 20090416d1991 k a0rusy5003 ca 
101 0 |a rus 
102 |a RU 
105 |a a z 001zy 
200 1 |a Условия локализации сурьмяно-ртутного и флюоритового оруденения в рудных полях  |e сборник научных трудов  |f Академия наук СССР (АН СССР), Сибирское отделение (СО), Институт геологии и геофизики (ИГиГ) ; под ред. А. А. Иванова, А. А. Оболенского 
210 |a Новосибирск  |c Наука  |d 1991 
215 |a 172,[3] с.  |c ил.  |d 24 см 
225 1 |a Модели рудных формаций 
320 |a Библиогр. в конце ст. 
610 1 |a сурьмяные месторождения 
610 1 |a ртутные месторождения 
610 1 |a плавиковый шпат 
610 1 |a месторождения 
610 1 |a происхождение 
610 1 |a сборники 
675 |a 553.499  |z rus 
675 |a 553.634  |z rus 
702 1 |a Иванова  |b А. А.  |g Анжелика Анатольевна  |4 340 
702 1 |a Оболенский  |b А. А.  |4 340 
712 0 2 |a Академия наук СССР (АН СССР)  |b Сибирское отделение (СО)  |b Институт геологии и геофизики (ИГиГ)  |c (Новосибирск)  |2 stltpush  |3 (RuTPU)RU\TPU\col\128 
801 0 |a RU  |b RuMRKP  |c 19960705  |g psbo 
801 1 |a RU  |b 63413507  |c 20090416  |g PSBO 
801 2 |a RU  |b 63413507  |c 20091208  |g PSBO 
942 |c BK